Business Accounting (Record no. 6302)

MARC details
005 - DATE AND TIME OF LATEST TRANSACTION
control field 20250629115344.0
020 ## - INTERNATIONAL STANDARD BOOK NUMBER
International Standard Book Number 978-1-292-20862-6
082 ## - DEWEY DECIMAL CLASSIFICATION NUMBER
Classification number 657 SAN
100 ## - MAIN ENTRY--PERSONAL NAME
Author name SANGSTER, A
245 ## - TITLE STATEMENT
Title Business Accounting
250 ## - EDITION STATEMENT
Edition statement 14 Ed.
260 ## - PUBLICATION, DISTRIBUTION, ETC.
Place of publication, distribution, etc. London
Name of publisher, distributor, etc. Pearson
Date of publication, distribution, etc. 2018.
300 ## - PHYSICAL DESCRIPTION
Extent xxii,780p.: ill.; figures
Other physical details Appendix, Index
Dimensions 24cm
700 ## - ADDED ENTRY--PERSONAL NAME
Other authors/Editors Lewis Gordon
942 ## - ADDED ENTRY ELEMENTS (KOHA)
Source of classification or shelving scheme Dewey Decimal Classification
Koha item type Books
Holdings
Date last seen Total checkouts Full call number Barcode Cost, replacement price Price effective from Koha item type Lost status Source of classification or shelving scheme Damaged status Not for loan Withdrawn status Home library Current library Shelving location Date acquired Source of acquisition Cost, normal purchase price
06/29/2025   657 SAN MZA0002766 201000.00 06/29/2025 Books   Dewey Decimal Classification       CBE Mwanza CBE Mwanza Special Reserve Collection 06/06/2018 Library Budget 67000.00
06/29/2025   657 SAN MZA0002767 201000.00 06/29/2025 Books   Dewey Decimal Classification       CBE Mwanza CBE Mwanza Special Reserve Collection 06/06/2018 Library Budget 67000.00
06/29/2025   657 SAN MZA0002768 201000.00 06/29/2025 Books   Dewey Decimal Classification       CBE Mwanza CBE Mwanza Special Reserve Collection 06/06/2018 Library Budget 67000.00